Which 3 have won the most .....? Sports quiz - Statistics

General Stats
  • This quiz has been taken 64 times
  • The average score is 11 of 18
Answer Stats
Hint Answer % Correct
14 Tiger Woods
86%
105 United States
84%
MLB: World Series 1903-2018 27 New York Yankees
83%
12 Manchester United
78%
23 Serena Williams
78%
Winter Olympics Gold Medals (country) 132 Norway
76%
9 Boston Red Sox
72%
15 Ronaldo
72%
English FA Cups 13 Arsenal
66%
92 Germany
62%
Golf majors (golfer) 18 Jack Nicklaus
60%
8 Chelsea
59%
22 Steffi Graf
50%
11 St Louis Cardinals
50%
14 Gerd Muller
31%
Football World Cup goals (player) 16 Miroslav Klose
28%
Womens single tennis grand slams (player) 24 Margaret Court
19%
11 Walter Hagen
0%
No matching quizzes found
Score Distribution
Percent of People with Each Score
Percentile by Number Answered
Your Score History
You have not taken this quiz